000 01143nam a22002297a 4500
999 _c11234
_d11234
003 AR-CdUCM
008 190403b ||||| |||| 00| 0 spa d
040 _aMUNICIPALIDAD PROVINCIAL DEL CUSCO
_cBIBLIOTECA MUNICIPAL DEL CUSCO
041 _heng.
082 _aES / 036 /
_bM79
245 _aEnciclopedia de oro /
260 _aMéxico :
_bEdit. Novaro Mexico,
_c1960.
300 _a16 tomos ;
_bIlustraciones,mapas, graficos, dibujos,
_c26 cm.
505 _aContenido :t.2 : agricultura a bancos -- t.3: Bandas a camufalje -- t.4: Campamento a colonial -- t.5: Color a dioses --t.6: Diques a estrellas -- t.7: Estrella a gobierno --t.8: Goethe a Hungria --t.9 :Icebergs a lapices --t.11: Mar a Napoleón -- t.12: Natación a peces -- t.13: Peces a Quito --t.14: Radar a soldado --t.15: Sombrero a universidad --t.16: Universo a Zurich-Indice.
650 _aEducación secundaria
_94648
650 _aEnciclopedia escolar
_928492
700 _aBertha Morris Parker (editor)
_928493
700 _aRoberto D. Bezucha (editor)
_928494
700 _aSergio Maderi Diaz (traductor)
_928495
942 _2ddc
_cLIBROS
945 _arjall
_d2019-04-05